Moje slovo o Slovensku ; Chýba nám hrdosť a súdržnosť

Bibliographic Details
Main Author: Kapolka, Belo, 1935-1994 (Author)
Format: Article
Language:Slovak
ISSN:0862-5999
Subjects:

MARC

LEADER 00000nab a2200000 a 4500
001 vtls000870072
003 SK-MaSNL
005 20260302160645.0
008 140422c2004 xo 0 slo
015 |a SNBRB2004/04-12300 
035 |a CLN000221624 
040 |a SNKBUCL  |b slo  |c SNKBUCL  |e AACR2 
041 0 |a slo 
044 |a xo  |c SK 
080 |a 821.162.4-4  |2 1997 
100 1 |a Kapolka, Belo,  |d 1935-1994  |4 aut  |9 123292 
245 1 0 |a Moje slovo o Slovensku ; Chýba nám hrdosť a súdržnosť  |c Belo Kapolka 
650 0 7 |a eseje, slovenské  |2 snkbucl  |9 304982 
655 7 |a články z novín a časopisov  |2 snkbucl  |9 267496 
773 0 |t Literárny (dvoj)týždenník  |g Roč. XVII, č. 12-13 (2004), s. 10  |x 0862-5999 
850 |a Slovenská národná knižnica v Martine 
852 |a SNK  |b KIS3GCP 
958 |a LX 
992 |a RBX 
999 |c 1375111  |d 1377041